000 00279nam a22001337a 4500
008 210301b ||||| |||| 00| 0 eng d
020 _a9781566198226
041 _aeng
080 _a611
100 _a6
101 _aANA
245 _aGray's Anatomy
_cGray,H
942 _2udc
_cBK
999 _c55345
_d55345